000
00352cam a2200169 4500
001
D12508
008
090401t xxu||||| |||| 00| 0 eng d
035
_a
(Sirsi) u3886
041
_a
eng
100
_a
Creswell, W.T.
245
_a
Extras
260
_b
The Builder Ltd
_c
nd
350
_a
0
520
_a
Shelf 114
942
_n
0
948
_c
04/03/1997
999
_c
85960
_d
85960